| 000 | 00908nac a22002657a 4500 | ||
|---|---|---|---|
| 001 | BR9001685 | ||
| 003 | BR-BrBNA | ||
| 005 | 20240105121107.0 | ||
| 008 | 230509b bl.|||m| |||| 00| 0 por d | ||
| 040 |
_aBR-BrBNA _bpor _cBiblioteca Nacional de Agricultura |
||
| 072 | _aE13; E20 | ||
| 090 | _a2120 BR9001685 | ||
| 110 | 1 |
_aOrganizacao das Cooperativas Brasileiras, Brasilia, DF (Brasil). Depto. Economico _97709 |
|
| 245 | 1 | _aConfisco cambial e a conta cafe: relacionamento com o orcamento monetario e a base monetaria | |
| 260 | 3 |
_aBrasilia, DF (Brasil): _c1987. |
|
| 300 | _a43 p. | ||
| 490 |
_aCadernos Economicos - Organizacao das Cooperativas Brasileiras (Brazil) _vNo. 30 _x |
||
| 500 | _a10 ref.; 11 tables | ||
| 650 | _aCAFE | ||
| 650 | _aRECEITA CAMBIAL | ||
| 650 | _aORCAMENTO | ||
| 650 | _aFINANCIAMENTO | ||
| 909 |
_a202312 _bLúcia Elande _c55 _dLúcia Elande |
||
| 942 |
_2AGRIS _n0 _cMS |
||
| 999 |
_c283263 _d283263 |
||